Normal view
MARC view
- Historical reenactments.
Entry Topical Term
001 - CONTROL NUMBER
- control field: 7863
003 - CONTROL NUMBER IDENTIFIER
- control field: NUST
005 - DATE AND TIME OF LATEST TRANSACTION
- control field: 20171229100729.0
008 - FIXED-LENGTH DATA ELEMENTS
- fixed length control field: 171229|| aca||aabn | a|a d
040 ## - CATALOGING SOURCE
- Original cataloging agency: NUST
- Transcribing agency: NUST
150 ## - HEADING--TOPICAL TERM
- Topical term or geographic name entry element: Historical reenactments.
670 ## - SOURCE DATA FOUND
- Source citation: Work cat.: (NUST)0: Johnson, Neil, 1954- 7859, The battle of Gettysburg :, 1989.
